| 000 | 00456nam a2200181Ia 4500 | ||
|---|---|---|---|
| 001 | 4298 | ||
| 005 | 20260306145745.0 | ||
| 008 | 260306t1998||||xx |||||||||||||| ||spa|| | ||
| 041 | _aESP | ||
| 082 |
_a320.51 _bC14 |
||
| 100 |
_aCáceres Arce, Jorge Luis _eAUT |
||
| 245 | 0 | _aEl Liberalismo y su trascendencia histórica en Arequipa | |
| 260 | _c1998 | ||
| 300 |
_a60 páginas : _c20 cm. |
||
| 650 | _aGEN | ||
| 654 | _aCDE | ||
| 942 |
_cLIB _dJUS _fJUS _2ddc _n |
||
| 999 |
_c4298 _d4298 |
||